Diccionario de seudónimos literarios españoles, con algunas iniciales
Bewaard in:
| Hoofdauteurs: | , |
|---|---|
| Formaat: | Boek |
| Taal: | Spaans |
| Gepubliceerd in: |
Madrid
Gredos
1977
|
| Reeks: | Biblioteca Románica Hispánica, No 6
|
| Onderwerpen: | |
| Tags: |
Voeg label toe
Geen labels, Wees de eerste die dit record labelt!
|
MARC
| LEADER | 00000nam a2200000 a 4500 | ||
|---|---|---|---|
| 001 | UCZ8311 | ||
| 003 | CL-VaPUC | ||
| 008 | 960119e19770000SP |||||||||||||||||spa|d | ||
| 082 | 0 | 4 | |a 860.3 |b ROG |2 21 |
| 100 | 0 | |a Rogers, P. P |e author |9 353553 | |
| 700 | 0 | |a Lapuente, F. A |e author |9 353554 | |
| 245 | 1 | 0 | |a Diccionario de seudónimos literarios españoles, con algunas iniciales |
| 300 | |a 608 p | ||
| 942 | |c BK | ||
| 945 | |d 19960119 00:00:00 |a rleighto | ||
| 260 | |a Madrid |b Gredos |c 1977 | ||
| 650 | 0 | |a Diccionarios |9 256200 | |
| 650 | 0 | |a Literatura española |9 306261 | |
| 650 | 0 | |a Literatura española |x Autores |9 353408 | |
| 650 | 7 | |a SEUDONIMOS |2 CL-VaPUC |9 353555 | |
| 583 | |a last modification |c 19960119 00:00:00 |k Rodrigo Vera | ||
| 490 | 0 | |a Biblioteca Románica Hispánica, No 6 | |
| 999 | |c 244242 |d 244240 | ||
| 952 | |0 0 |1 0 |4 0 |6 860_300000000000000_ROG_1977 |7 0 |8 X |9 258239 |a BIBEDU |b BIBEDU |d 2019-11-19 |i 3171469 |o 860.3 ROG 1977 |p 3171469 |r 2023-01-13 |w 2019-11-19 |y BK_X |k LIT | ||
| 952 | |0 0 |1 0 |4 0 |6 860_300000000000000_ROG_1977 |7 0 |8 X |9 258240 |a BIBEDU |b BIBEDU |d 2019-11-19 |i 3171477 |o 860.3 ROG 1977 |p 3171477 |r 2023-01-13 |w 2019-11-19 |y BK_X |k LIT | ||